00615cam a22002171 4500001001300000003000400013005001700017008004100034010001700075025002300092035002000115040002300135042001200158050001800170100003000188245007000218260006300288300001800351500001100369999001700380sa 65010599 DLC20260227112209.0960920s195u pk 000 0 pusr  asa 65010599  aPL480:P-Pushto-201 a(OCoLC)35598490 aDLCcCLUdCLUdDLC apremarc00aPK6820.A4bY80 aʻAlī Ḥaydar Joshī.00aYūsuf Khān Wa Bībī Sher Bāno.cauthor ʻAlī Ḥaydar. aPishāwar Shahar,bKutubʻKhānah Nūrāniyahc[195-?] a40 p.c25 cm. aPoems. c66837d66837